Größte Städte in Frankreich • A-Z - Statistiken

Allgemein
  • Dieses Quiz wurde 508 mal gespielt
    409 seit der letzten Aktualisierung
  • Das Durchschnittsergebnis liegt bei 10 aus 22
Antwortstatistiken
# ~Pop. Stadt % Korrekt
P 2,220,000 Paris
100%
L 507,000 Lyon
96%
M 858,000 Marseille
96%
B 247,000 Bordeaux
91%
N 344,000 Nizza
85%
S 276,000 Straßburg
85%
T 466,000 Toulouse
85%
R 213,000 Rennes
73%
D 154,000 Dijon
61%
G 161,000 Grenoble
58%
O 115,000 Orléans
56%
A 151,000 Angers
36%
C 141,000 Clermont-Ferrand
32%
Q 57,000 Quimper
31%
V 149,000 Villeurbanne
18%
H 57,000 Hyères
8%
F 84,000 Fort-de-France
3%
E 55,000 Epinay-sur-Seine
2%
I 67,000 Issy-les-Moulineaux
2%
J 37,893 Joué-lès-Tours
1%
W 41,000 Wattrelos
1%
K 32,156 Koungou
0%
Keine übereinstimmenden Quizze gefunden
Verteilung der Resultate
Anzahl Personen mit jedem Resultat
Perzentil nach korrekt beantworteten Fragen
Ihre Resultats-Entwicklung
Sie haben dieses Quiz seit der letzten Aktualisierung nicht gespielt